000 00240nam a2200097Ia 4500
008 190216s9999||||xx |||||||||||||| ||und||
100 _aDr.Syam Sundar Ghosh
245 0 _aHindi-Bachanka Parivarth Kavya
260 _bRaj Pal&Sons
942 _cBK
999 _c17135
_d17135